[Event "Mecklenburg VP Verbandsliga 2223"]
[Site "Mecklenburg VP"]
[Date "2023.04.23"]
[Round "8.5"]
[White "Gebert Vangeel, Ralf"]
[Black "Kupfernagel, Michael"]
[Result "1-0"]
[WhiteElo "2017"]
[BlackElo "2030"]
[PlyCount "63"]
[EventDate "2022.10.23"]
[EventType "team-tourn"]
[EventRounds "9"]
[EventCountry "GER"]
[SourceTitle "EXT 2024"]
[Source "ChessBase"]
[SourceDate "2023.10.10"]
[SourceVersion "1"]
[SourceVersionDate "2023.10.10"]
[SourceQuality "1"]
[WhiteTeam "Guestrow/Teterow"]
[BlackTeam "Schwerin SF II"]
[WhiteTeamCountry "GER"]
[BlackTeamCountry "GER"]

1. e4 c5 2. Nf3 d6 3. d4 cxd4 4. Nxd4 Nf6 5. Nc3 a6 6. Be3 e5 7. Nb3 Be6 8. Be2 Nbd7 9. f3 Qc7 10. Qd2 Rc8 11. g4 h6 12. 0-0-0 b5 13. Bd3 Nb6 14. Bxb6 Qxb6 15. Nd5 Bxd5 16. exd5 Be7 17. Kb1 Nd7 18. f4 exf4 19. Qxf4 Ne5 20. h4 Qd8 21. Bf5 Rc4 22. Nd4 Bxh4 23. b3 Rc7 24. Nc6 Qg5 25. Qh2 Nf3 26. Qxd6 Rb7 27. Bc8 Nd2+ 28. Rxd2 Qxd2 29. Bxb7 Bf6 30. Ne5 Qc3 31. Qd7+ Kf8 32. Qxf7# 1-0

[Event "Mecklenburg VP Verbandsliga 2223"]
[Site "Mecklenburg VP"]
[Date "2022.11.27"]
[Round "3.3"]
[White "Celmer, Ole"]
[Black "Kupfernagel, Michael"]
[Result "1/2-1/2"]
[WhiteElo "1930"]
[BlackElo "2030"]
[PlyCount "36"]
[EventDate "2022.10.23"]
[EventType "team-tourn"]
[EventRounds "9"]
[EventCountry "GER"]
[SourceTitle "EXT 2024"]
[Source "ChessBase"]
[SourceDate "2023.10.10"]
[SourceVersion "1"]
[SourceVersionDate "2023.10.10"]
[SourceQuality "1"]
[WhiteTeam "Think Rochade"]
[BlackTeam "Schwerin SF II"]
[WhiteTeamCountry "GER"]
[BlackTeamCountry "GER"]

1. e4 c5 2. c3 Nf6 3. e5 Nd5 4. g3 e6 5. Bg2 Nc6 6. Nf3 d6 7. exd6 Bxd6 8. 0-0 0-0 9. d4 cxd4 10. Nxd4 Nxd4 11. Qxd4 Be7 12. Nd2 Bd7 13. Ne4 Bc6 14. Be3 Qc7 15. c4 Nxe3 16. Qxe3 b6 17. a3 Rac8 18. b4 a5 1/2-1/2

[Event "Mecklenburg VP Verbandsliga 1920"]
[Site "Mecklenburg VP"]
[Date "2020.02.02"]
[Round "6.6"]
[White "Kupfernagel, Michael"]
[Black "Nauschuetz, Ernst"]
[Result "1/2-1/2"]
[WhiteElo "2030"]
[BlackElo "1921"]
[PlyCount "127"]
[EventDate "2019.09.29"]
[EventType "team-tourn"]
[EventRounds "9"]
[EventCountry "GER"]
[SourceTitle "EXT 2023"]
[Source "ChessBase"]
[SourceDate "2022.10.05"]
[SourceVersion "1"]
[SourceVersionDate "2022.10.05"]
[SourceQuality "1"]
[WhiteTeam "Schwerin SF III"]
[BlackTeam "Greifswald II"]
[WhiteTeamCountry "GER"]
[BlackTeamCountry "GER"]

1. d4 Nf6 2. Nc3 d5 3. Bg5 Nbd7 4. f3 e6 5. e4 Be7 6. e5 Ng8 7. Bxe7 Nxe7 8. Qd2 a6 9. f4 c5 10. Nf3 cxd4 11. Nxd4 Nc6 12. 0-0-0 Nxd4 13. Qxd4 Qb6 14. Qxb6 Nxb6 15. Bd3 Bd7 16. Rhf1 g6 17. Rd2 h5 18. g3 Bc6 19. Ne2 Nd7 20. Nd4 Nc5 21. Re1 Ke7 22. c3 Nxd3+ 23. Rxd3 Bd7 24. Kd2 b5 25. a3 a5 26. Nc2 Rhc8 27. Rd4 Rab8 28. Ra1 f6 29. exf6+ Kxf6 30. Re1 Rc4 31. b3 Rc7 32. Ne3 Rbc8 33. Rc1 Be8 34. Rc2 Bf7 35. Rc1 Be8 36. c4 dxc4 37. bxc4 b4 38. axb4 axb4 39. Rb1 Rb8 40. Rb2 Rcb7 41. c5 Rb5 42. Rc4 Bc6 43. Nc2 b3 44. Nd4 Bd5 45. Nxb5 Bxc4 46. Nd4 Rc8 47. Nxb3 Bxb3 48. Rxb3 Rxc5 49. Kd3 Kf5 50. Kd4 Ra5 51. Re3 Rd5+ 52. Kc3 Rd1 53. Re5+ Kf6 54. Re2 Rd5 55. Kc4 g5 56. fxg5+ Rxg5 57. Kd4 Rg4+ 58. Ke3 e5 59. Kf3 Rb4 60. h3 Rb3+ 61. Re3 Rb1 62. g4 hxg4+ 63. hxg4 Rf1+ 64. Kg2 1/2-1/2

[Event "Mecklenburg VP Verbandsliga 1920"]
[Site "Mecklenburg VP"]
[Date "2019.10.20"]
[Round "2.5"]
[White "Schmidt, Reinhard"]
[Black "Kupfernagel, Michael"]
[Result "0-1"]
[WhiteElo "1898"]
[BlackElo "2030"]
[PlyCount "100"]
[EventDate "2019.09.29"]
[EventType "team-tourn"]
[EventRounds "9"]
[EventCountry "GER"]
[SourceTitle "EXT 2023"]
[Source "ChessBase"]
[SourceDate "2022.10.05"]
[SourceVersion "1"]
[SourceVersionDate "2022.10.05"]
[SourceQuality "1"]
[WhiteTeam "Rostock Turbine"]
[BlackTeam "Schwerin SF III"]
[WhiteTeamCountry "GER"]
[BlackTeamCountry "GER"]

1. e4 c5 2. Nf3 d6 3. d4 cxd4 4. Nxd4 Nf6 5. Nc3 a6 6. a4 e5 7. Nf3 Qc7 8. h3 h6 9. Bd3 Be6 10. 0-0 Be7 11. Re1 Nbd7 12. Be3 Rc8 13. Qd2 Nb6 14. a5 Nc4 15. Bxc4 Qxc4 16. Bb6 0-0 17. Re2 Qb4 18. Qc1 Qc4 19. Qd1 Bd7 20. Nd2 Qe6 21. Nf1 Bc6 22. Ng3 g6 23. Qd2 Kg7 24. f4 exf4 25. Qxf4 Nd7 26. Bd4+ Ne5 27. h4 Qf6 28. Qxf6+ Bxf6 29. h5 Nf3+ 30. gxf3 Bxd4+ 31. Kg2 Bxc3 32. bxc3 Bb5 33. Re3 Rc5 34. Rd1 Rfc8 35. hxg6 fxg6 36. Rxd6 Rxc3 37. Rxc3 Rxc3 38. Rd2 Ba4 39. Rd4 Rxc2+ 40. Kh3 Bc6 41. Kg4 Rc5 42. f4 h5+ 43. Kh4 Rxa5 44. f5 gxf5 45. Nxf5+ Kf6 46. Ng3 Ke5 47. Rd8 Ra4 48. Kxh5 Bxe4 49. Re8+ Kd5 50. Ne2 Bf3+ 0-1

[Event "Mecklenburg VP Verbandsliga 1920"]
[Site "Mecklenburg VP"]
[Date "2019.09.29"]
[Round "1.5"]
[White "Kupfernagel, Michael"]
[Black "Kunze, Kerstin"]
[Result "1/2-1/2"]
[WhiteElo "2030"]
[BlackElo "2033"]
[PlyCount "42"]
[EventDate "2019.09.29"]
[EventType "team-tourn"]
[EventRounds "9"]
[EventCountry "GER"]
[SourceTitle "EXT 2023"]
[Source "ChessBase"]
[SourceDate "2022.10.05"]
[SourceVersion "1"]
[SourceVersionDate "2022.10.05"]
[SourceQuality "1"]
[WhiteTeam "Schwerin SF III"]
[BlackTeam "Schwerin SF II"]
[WhiteTeamCountry "GER"]
[BlackTeamCountry "GER"]

1. d4 d5 2. Nc3 c5 3. Nf3 e6 4. e3 Nf6 5. Be2 Be7 6. 0-0 Nc6 7. Re1 0-0 8. Bf1 b6 9. a3 Bb7 10. b3 Rc8 11. Bb2 Bd6 12. Nb1 Ne4 13. Nbd2 Qc7 14. g3 Nxd2 15. Qxd2 e5 16. dxe5 Nxe5 17. Nxe5 Bxe5 18. Bxe5 Qxe5 19. Bg2 Rfd8 20. c3 h6 21. Rad1 Qe7 1/2-1/2

[Event "Mecklenburg VP VL 1718"]
[Site "Mecklenburg VP"]
[Date "2018.02.25"]
[Round "6.6"]
[White "Hornecker, Siegfried"]
[Black "Kupfernagel, Michael"]
[Result "1-0"]
[WhiteElo "1872"]
[BlackElo "1935"]
[PlyCount "47"]
[EventDate "2017.10.08"]
[EventType "team-tourn"]
[EventRounds "9"]
[EventCountry "GER"]
[SourceTitle "EXT 2022"]
[Source "ChessBase"]
[SourceDate "2021.10.06"]
[SourceVersion "1"]
[SourceVersionDate "2021.10.06"]
[SourceQuality "1"]
[WhiteTeam "Guestrow/Teterow"]
[BlackTeam "Schwerin SF III"]
[WhiteTeamCountry "GER"]
[BlackTeamCountry "GER"]

1. e4 c5 2. Nf3 d6 3. d4 cxd4 4. Nxd4 Nf6 5. Nc3 a6 6. a4 e5 7. Nb3 Be6 8. Be2 Nbd7 9. Be3 Be7 10. 0-0 0-0 11. Kh1 Rc8 12. f3 Qc7 13. f4 Nb6 14. f5 Bc4 15. g4 Bxe2 16. Qxe2 Nc4 17. Bc1 h6 18. h4 Nb6 19. g5 hxg5 20. hxg5 Nh7 21. Qh5 Qd8 22. Rf2 Bxg5 23. Rh2 Bh6 24. Bxh6 1-0

[Event "Mecklenburg VP VL 1516"]
[Site "Mecklenburg VP"]
[Date "2016.02.21"]
[Round "6.7"]
[White "Schmidt, Reinhard"]
[Black "Kupfernagel, Michael"]
[Result "0-1"]
[WhiteElo "1795"]
[BlackElo "1901"]
[PlyCount "64"]
[EventDate "2015.09.20"]
[EventType "team-tourn"]
[EventRounds "9"]
[EventCountry "GER"]
[SourceTitle "EXT 2022"]
[Source "ChessBase"]
[SourceDate "2021.10.06"]
[SourceVersion "1"]
[SourceVersionDate "2021.10.06"]
[SourceQuality "1"]
[WhiteTeam "Warnemuende SF Ostsee"]
[BlackTeam "Schwerin SF III"]
[WhiteTeamCountry "GER"]
[BlackTeamCountry "GER"]

1. e4 c5 2. Nf3 d6 3. Bc4 e6 4. d4 cxd4 5. Nxd4 Nf6 6. Nc3 Be7 7. 0-0 0-0 8. Bb3 a6 9. Kh1 Qc7 10. f4 Nc6 11. Nxc6 Qxc6 12. e5 dxe5 13. fxe5 Nd7 14. Qe1 b5 15. Qg3 Kh8 16. Be3 Bb7 17. Rf2 Bc5 18. Raf1 Bxe3 19. Qxe3 Rad8 20. Qg3 Kg8 21. Ne2 Nc5 22. Qg4 Ne4 23. Rf3 Nd2 24. Rg3 g6 25. Rc1 Ne4 26. Rf3 Qb6 27. Qh4 Rd2 28. Qe1 Rfd8 29. h3 Qc7 30. Rd3 Rxe2 31. Qxe2 Rxd3 32. cxd3 Qxc1+ 0-1

[Event "Mecklenburg VP VL 1314"]
[Site "Mecklenburg VP"]
[Date "2014.04.27"]
[Round "9.5"]
[White "Ehlers, Michael2"]
[Black "Kupfernagel, Michael"]
[Result "1/2-1/2"]
[WhiteElo "1882"]
[BlackElo "1917"]
[PlyCount "54"]
[EventDate "2013.10.20"]
[EventType "team-tourn"]
[EventRounds "9"]
[EventCountry "GER"]
[SourceTitle "EXT 2022"]
[Source "ChessBase"]
[SourceDate "2021.10.06"]
[SourceVersion "1"]
[SourceVersionDate "2021.10.06"]
[SourceQuality "1"]
[WhiteTeam "Torgelow Droegeheide"]
[BlackTeam "Schwerin SF III"]
[WhiteTeamCountry "GER"]
[BlackTeamCountry "GER"]

1. e4 c5 2. Nf3 d6 3. Bc4 e6 4. Nc3 Nc6 5. d4 cxd4 6. Nxd4 a6 7. a4 Nf6 8. 0-0 Be7 9. Be3 0-0 10. Nxc6 bxc6 11. a5 c5 12. f3 Bb7 13. Bb3 Qc7 14. Na4 d5 15. Nb6 Rad8 16. exd5 exd5 17. Re1 Bd6 18. h3 h6 19. Qd2 d4 20. Bf2 Bf4 21. Qd3 Nh5 22. Qf5 Bh2+ 23. Kh1 Bg3 24. Qxh5 Bxf2 25. Re2 Be3 26. Bc4 Qg3 27. Qg4 Qxg4 1/2-1/2

[Event "Mecklenburg VP VL 1314"]
[Site "Mecklenburg VP"]
[Date "2014.02.26"]
[Round "6.5"]
[White "Kupfernagel, Michael"]
[Black "Wolke, Heiko"]
[Result "0-1"]
[WhiteElo "1917"]
[BlackElo "1910"]
[PlyCount "80"]
[EventDate "2013.10.20"]
[EventType "team-tourn"]
[EventRounds "9"]
[EventCountry "GER"]
[SourceTitle "EXT 2022"]
[Source "ChessBase"]
[SourceDate "2021.10.06"]
[SourceVersion "1"]
[SourceVersionDate "2021.10.06"]
[SourceQuality "1"]
[WhiteTeam "Schwerin SF III"]
[BlackTeam "Warnemuende SF Ostsee"]
[WhiteTeamCountry "GER"]
[BlackTeamCountry "GER"]

1. d4 c5 2. d5 e6 3. c4 exd5 4. cxd5 d6 5. e4 Nf6 6. Nc3 Be7 7. Bd3 0-0 8. h3 a6 9. a4 Nbd7 10. Nf3 Re8 11. 0-0 Nf8 12. Bd2 N6d7 13. Qc2 Bf6 14. Rfe1 Ng6 15. Bf1 Nde5 16. Nxe5 Bxe5 17. Ne2 Qf6 18. Bc3 Bd7 19. Bxe5 Qxe5 20. Nc3 Qg5 21. Re3 Re5 22. Rg3 Qd8 23. Qd2 Qh4 24. Re1 Rae8 25. Ree3 Qe7 26. Re2 Qh4 27. Ree3 Rg5 28. Rxg5 Qxg5 29. g3 h5 30. Bg2 h4 31. f4 Qh6 32. f5 Ne5 33. Qf2 hxg3 34. Rxg3 b5 35. axb5 axb5 36. Ne2 Ra8 37. Nf4 Ra1+ 38. Kh2 c4 39. Bf1 b4 40. Qg2 Qxf4 0-1

[Event "Mecklenburg VP VL 1314"]
[Site "Mecklenburg VP"]
[Date "2013.11.10"]
[Round "2.3"]
[White "Kutschke, Peter"]
[Black "Kupfernagel, Michael"]
[Result "1-0"]
[WhiteElo "1932"]
[BlackElo "1917"]
[PlyCount "95"]
[EventDate "2013.10.20"]
[EventType "team-tourn"]
[EventRounds "9"]
[EventCountry "GER"]
[SourceTitle "EXT 2022"]
[Source "ChessBase"]
[SourceDate "2021.10.06"]
[SourceVersion "1"]
[SourceVersionDate "2021.10.06"]
[SourceQuality "1"]
[WhiteTeam "Rostock HSG Uni"]
[BlackTeam "Schwerin SF III"]
[WhiteTeamCountry "GER"]
[BlackTeamCountry "GER"]

1. e4 c5 2. c4 d6 3. Ne2 Nc6 4. d4 cxd4 5. Nxd4 Nf6 6. Nc3 e6 7. Be3 Be7 8. Be2 0-0 9. 0-0 Bd7 10. Qd2 Nxd4 11. Qxd4 Bc6 12. Rfd1 b6 13. Rac1 Qd7 14. a3 Rfd8 15. f3 Rac8 16. b4 h6 17. Bf2 Ne8 18. Qe3 e5 19. Qd3 Nf6 20. g3 g5 21. b5 Bb7 22. Be3 Kh8 23. Nd5 Bxd5 24. cxd5 Rxc1 25. Rxc1 Rc8 26. Rc6 Rg8 27. g4 h5 28. h3 hxg4 29. hxg4 Nh7 30. Qc3 Bd8 31. Rc8 f6 32. Qc6 Nf8 33. Qxd7 Nxd7 34. Ra8 Nc5 35. Rxa7 Rg7 36. Ra8 Rd7 37. Rc8 Kg7 38. Kf2 Kf7 39. Ra8 Ke7 40. a4 Rb7 41. Bd2 Kd7 42. Bb4 Ke7 43. Ke3 Kd7 44. Bc4 Ke7 45. Bxc5 dxc5 46. d6+ Ke8 47. Bd5 Rh7 48. Bc6+ 1-0

[Event "Mecklenburg VP LL2 West 1213"]
[Site "Mecklenburg VP"]
[Date "2012.11.25"]
[Round "3.3"]
[White "Gipp, Thomas"]
[Black "Kupfernagel, Michael"]
[Result "1/2-1/2"]
[WhiteElo "1868"]
[BlackElo "1944"]
[PlyCount "119"]
[EventDate "2012.10.14"]
[EventType "team-tourn"]
[EventRounds "9"]
[EventCountry "GER"]
[SourceTitle "EXT 2022"]
[Source "ChessBase"]
[SourceDate "2021.10.06"]
[SourceVersion "1"]
[SourceVersionDate "2021.10.06"]
[SourceQuality "1"]
[WhiteTeam "Kuehlungsborn SV Empor"]
[BlackTeam "Schwerin SF III"]
[WhiteTeamCountry "GER"]
[BlackTeamCountry "GER"]

1. d4 Nf6 2. c4 g6 3. Nc3 Bg7 4. e4 d6 5. f3 0-0 6. Be3 b6 7. c5 c6 8. cxd6 exd6 9. Bd3 Ba6 10. Nge2 Re8 11. 0-0 Bb7 12. Qd2 Nbd7 13. Rac1 Rc8 14. Rfe1 a6 15. Bg5 Nf8 16. Bc4 Qd7 17. Qf4 Nh5 18. Qd2 d5 19. Bb3 Ne6 20. Be3 dxe4 21. fxe4 Rcd8 22. Rf1 Rf8 23. d5 cxd5 24. Bxb6 dxe4 25. Qxd7 Rxd7 26. Bxe6 fxe6 27. Rcd1 Rxf1+ 28. Kxf1 Rxd1+ 29. Nxd1 Bd5 30. a3 Be5 31. g3 Kf7 32. b4 Nf6 33. Ne3 Ke7 34. Bd4 Bd6 35. Nc3 Bb7 36. Nc4 Nd7 37. Nxd6 Kxd6 38. Ke2 e5 39. Be3 Nf6 40. h3 Nh5 41. Bf2 Ng7 42. Bc5+ Ke6 43. g4 h5 44. Ke3 hxg4 45. hxg4 Ne8 46. Nxe4 Bxe4 47. Kxe4 Nf6+ 48. Kf3 Kd5 49. Be7 Nd7 50. Bd8 Nb8 51. Be7 Nc6 52. Bf8 Nd4+ 53. Kf2 e4 54. a4 Nc2 55. b5 axb5 56. axb5 e3+ 57. Ke2 Nd4+ 58. Kxe3 Nxb5 59. Kf4 Nc7 60. Ba3 1/2-1/2

[Event "Mecklenburg VP VL 1112"]
[Site "Mecklenburg VP"]
[Date "2012.04.15"]
[Round "9.2"]
[White "Stoevesand, Eric"]
[Black "Kupfernagel, Michael"]
[Result "1-0"]
[WhiteElo "1902"]
[BlackElo "1926"]
[PlyCount "136"]
[EventDate "2011.10.02"]
[EventType "team-tourn"]
[EventRounds "9"]
[EventCountry "GER"]
[SourceTitle "EXT 2022"]
[Source "ChessBase"]
[SourceDate "2021.10.06"]
[SourceVersion "1"]
[SourceVersionDate "2021.10.06"]
[SourceQuality "1"]
[WhiteTeam "Neubrandenburg SG Eintracht"]
[BlackTeam "Schwerin SF"]
[WhiteTeamCountry "GER"]
[BlackTeamCountry "GER"]

1. e4 c5 2. Nf3 d6 3. d4 cxd4 4. Nxd4 Nf6 5. Nc3 a6 6. Be2 e5 7. Nb3 Be6 8. a4 Be7 9. 0-0 0-0 10. Be3 Nbd7 11. Nd2 d5 12. exd5 Bxd5 13. Bf3 Bxf3 14. Qxf3 Qc7 15. Nde4 Rac8 16. Rfd1 Qc6 17. Bg5 Rfe8 18. Bxf6 Nxf6 19. Nxf6+ Bxf6 20. Ne4 Be7 21. Rd2 Red8 22. c3 Rxd2 23. Nxd2 Qd7 24. Qe2 Rd8 25. Nf3 f6 26. h3 Qc6 27. Kf1 Kf7 28. Nd2 g6 29. Qc4+ Qd5 30. Ke2 f5 31. Rd1 Ke6 32. Qxd5+ Rxd5 33. Nc4 Rxd1 34. Kxd1 Bc5 35. Ke2 b5 36. axb5 axb5 37. Nd2 Kd5 38. f3 g5 39. g4 f4 40. b3 h6 41. Kd3 Bf8 42. b4 Bd6 43. Nb1 Bc7 44. Na3 Kc6 45. Ke4 Bd6 46. Nc2 Bc7 47. Ne1 Kd6 48. Nd3 Ke6 49. Nc5+ Kd6 50. Nb3 Bb6 51. Na5 Bc7 52. Nb7+ Kc6 53. Nc5 Kd6 54. Nd3 Ke6 55. Ne1 Bb6 56. Nc2 Kd6 57. Na3 Kc6 58. Kxe5 Be3 59. Ke4 Bd2 60. Kd3 Be3 61. Nc2 Bf2 62. Ke4 Kb6 63. Nd4 Bg1 64. Nf5 Bf2 65. Nxh6 Be1 66. Kd3 Kc6 67. Nf5 Bf2 68. Nd4+ Kb6 1-0

[Event "Mecklenburg VP VL 1112"]
[Site "Mecklenburg VP"]
[Date "2012.03.04"]
[Round "6.3"]
[White "Graffenberger, Martin"]
[Black "Kupfernagel, Michael"]
[Result "0-1"]
[WhiteElo "1949"]
[BlackElo "1926"]
[PlyCount "109"]
[EventDate "2011.10.02"]
[EventType "team-tourn"]
[EventRounds "9"]
[EventCountry "GER"]
[SourceTitle "EXT 2022"]
[Source "ChessBase"]
[SourceDate "2021.10.06"]
[SourceVersion "1"]
[SourceVersionDate "2021.10.06"]
[SourceQuality "1"]
[WhiteTeam "Greifswald II"]
[BlackTeam "Schwerin SF"]
[WhiteTeamCountry "GER"]
[BlackTeamCountry "GER"]

1. e4 c5 2. Nf3 d6 3. c3 Nf6 4. Bb5+ Bd7 5. Bxd7+ Qxd7 6. d3 e6 7. 0-0 Be7 8. Re1 Nc6 9. a4 0-0 10. Na3 Rac8 11. Nc2 Rfd8 12. Ne3 Qc7 13. b3 d5 14. exd5 Nxd5 15. Bb2 Nf4 16. d4 cxd4 17. cxd4 Nb4 18. Rc1 Qb8 19. Rxc8 Qxc8 20. Ne5 f6 21. N5c4 Nbd3 22. Rf1 Nxb2 23. Nxb2 Rxd4 24. Qg4 Qc6 25. Kh1 Qd7 26. Rd1 Rxd1+ 27. Nbxd1 Qd2 28. h4 Qd6 29. Nc4 Qd4 30. Nde3 Kf7 31. g3 Qa1+ 32. Kh2 Ng6 33. Qe4 b6 34. h5 Nf8 35. Qd3 Qa2 36. Kg2 Qa1 37. Nd6+ Bxd6 38. Qxd6 Qe5 39. Qxe5 fxe5 40. Nc4 Nd7 41. Nd6+ Kf6 42. Ne8+ Kf7 43. Nd6+ Kf6 44. Ne4+ Ke7 45. Kf3 Nf6 46. g4 h6 47. Nxf6 gxf6 48. Ke4 Kd6 49. b4 a5 50. bxa5 bxa5 51. f3 Kc5 52. g5 fxg5 53. Kxe5 Kb4 54. Kf6 Kxa4 55. Kg6 0-1

[Event "Mecklenburg VP LL2 West 0910"]
[Site "Mecklenburg VP"]
[Date "2009.12.13"]
[Round "4.2"]
[White "Kupfernagel, Michael"]
[Black "Goertz, Frank"]
[Result "0-1"]
[WhiteElo "1934"]
[BlackElo "1894"]
[PlyCount "68"]
[EventDate "2009.10.18"]
[EventType "team-tourn"]
[EventRounds "9"]
[EventCountry "GER"]
[SourceTitle "EXT 2016"]
[Source "ChessBase"]
[SourceDate "2015.10.08"]
[SourceVersion "1"]
[SourceVersionDate "2015.10.08"]
[SourceQuality "1"]
[WhiteTeam "Schwerin SF II"]
[BlackTeam "Neukloster IV"]
[WhiteTeamCountry "GER"]
[BlackTeamCountry "GER"]

1. d4 d5 2. Nc3 Nf6 3. Bg5 Nbd7 4. f3 e6 5. e4 dxe4 6. fxe4 Be7 7. Nf3 0-0 8. Qd2 Re8 9. 0-0-0 c6 10. Bd3 b5 11. Rhf1 a5 12. Kb1 a4 13. e5 Nd5 14. Ne4 Rf8 15. Bxe7 Qxe7 16. Nd6 f6 17. Qe1 Ba6 18. Rf2 b4 19. Be4 N7b6 20. Nd2 a3 21. Bxd5 Nxd5 22. N2e4 axb2 23. c4 bxc3 24. Nxc3 Nb4 25. Qe3 Rab8 26. Rxb2 Nd5 27. Nxd5 Rxb2+ 28. Kxb2 cxd5 29. Rc1 fxe5 30. dxe5 Qh4 31. h3 Rb8+ 32. Ka1 Qb4 33. Qc3 Qb6 34. Rc2 Qb1# 0-1

[Event "Mecklenburg VP LL2 West 0809"]
[Site "Mecklenburg VP"]
[Date "2009.03.15"]
[Round "8.1"]
[White "Podolskiy, Alexander"]
[Black "Kupfernagel, Michael"]
[Result "0-1"]
[WhiteElo "1852"]
[BlackElo "1941"]
[PlyCount "120"]
[EventDate "2008.10.05"]
[EventType "team-tourn"]
[EventRounds "9"]
[EventCountry "GER"]
[SourceTitle "EXT 2022"]
[Source "ChessBase"]
[SourceDate "2021.10.06"]
[SourceVersion "1"]
[SourceVersionDate "2021.10.06"]
[SourceQuality "1"]
[WhiteTeam "Wismar ASV Gruen-Weiss II"]
[BlackTeam "Schwerin SF II"]
[WhiteTeamCountry "GER"]
[BlackTeamCountry "GER"]

1. e4 c5 2. Nf3 d6 3. d4 cxd4 4. Nxd4 Nf6 5. Nc3 a6 6. f4 Qc7 7. Bd3 e6 8. Be3 Nbd7 9. Qf3 b5 10. g4 b4 11. Nce2 Nc5 12. Ng3 Bb7 13. 0-0 Be7 14. f5 e5 15. Nde2 d5 16. Bxc5 Qxc5+ 17. Kg2 Qc6 18. exd5 Qxd5 19. Qxd5 Bxd5+ 20. Kh3 e4 21. g5 exd3 22. Nf4 Bc6 23. gxf6 Bxf6 24. Rfe1+ Kd7 25. Nxd3 a5 26. Rad1 Kc7 27. Nh5 Bd8 28. Ne5 Rf8 29. Nxc6 Kxc6 30. Kg4 g6 31. Ng3 h5+ 32. Kf4 Rb8 33. Rd3 Rb5 34. Red1 Bc7+ 35. Kf3 Bxg3 36. Kxg3 Rxf5 37. Rd6+ Kb5 38. R1d5+ Rxd5 39. Rxd5+ Kb6 40. Rd7 f6 41. c4 bxc3 42. bxc3 Rc8 43. Rd3 Rc4 44. Rf3 f5 45. Kh3 Kb5 46. Rd3 Kc5 47. Rg3 Rg4 48. Re3 Kd5 49. Re8 Rc4 50. Re3 f4 51. Rf3 Ke4 52. Kg2 g5 53. Rh3 h4 54. Rf3 g4 55. Rf2 Rxc3 56. Rb2 h3+ 57. Kf1 g3 58. a4 Rc1+ 59. Ke2 gxh2 60. Kf2 Rf1+ 0-1

[Event "Mecklenburg VP LL2 West 0809"]
[Site "Mecklenburg VP"]
[Date "2009.02.01"]
[Round "6.1"]
[White "Martens, Rolf Dieter"]
[Black "Kupfernagel, Michael"]
[Result "0-1"]
[WhiteElo "1916"]
[BlackElo "1941"]
[PlyCount "70"]
[EventDate "2008.10.05"]
[EventType "team-tourn"]
[EventRounds "9"]
[EventCountry "GER"]
[SourceTitle "EXT 2022"]
[Source "ChessBase"]
[SourceDate "2021.10.06"]
[SourceVersion "1"]
[SourceVersionDate "2021.10.06"]
[SourceQuality "1"]
[WhiteTeam "Schwerin SV Einheit"]
[BlackTeam "Schwerin SF II"]
[WhiteTeamCountry "GER"]
[BlackTeamCountry "GER"]

1. e4 c5 2. Nf3 d6 3. d4 cxd4 4. Nxd4 Nf6 5. Nc3 a6 6. Be2 e5 7. Nb3 Be6 8. Bg5 Nbd7 9. Qd2 Qc7 10. 0-0 Be7 11. Rac1 0-0 12. Rfd1 Rfd8 13. Bf3 Nb6 14. Be2 d5 15. Bxf6 Bxf6 16. exd5 Nxd5 17. Ne4 Be7 18. Qe1 f5 19. c4 Nf4 20. Rxd8+ Rxd8 21. Ned2 Bf6 22. Bf1 Nd3 23. Bxd3 Rxd3 24. Rc2 e4 25. Nc1 Rd7 26. b3 Qd8 27. g3 Bg5 28. f4 Bf6 29. Ne2 e3 30. Nf1 Rd1 31. Qb4 Rxf1+ 32. Kxf1 Qd1+ 33. Kg2 Qxc2 34. Qd6 Qxe2+ 35. Kh3 Qf1# 0-1